Miraculous: Ladybug Kwamis by Picture - Statistics

General Stats
  • This quiz has been taken 477 times
  • The average score is 11 of 16
Answer Stats
Picture Answer % Correct
Tikki
99%
Plagg
89%
Pollen
78%
Sass
77%
Trixx
77%
Nooroo
73%
Roaar
71%
Wayzz
70%
Duusu
69%
Longg
63%
Fluff
62%
Barkk
61%
Mullo
61%
Kaalki
54%
Xuppu
52%
Stompp
51%
No matching quizzes found
Score Distribution
Percent of People with Each Score
Percentile by Number Answered
Your Score History
You have not taken this quiz